Countries that have ever defeated Poland in a war - Statistics

General Stats
  • This quiz has been taken 37 times
    18 since last reset
  • The average score is 6 of 8
Answer Stats
Year Country % Correct
1005,1031,1157,1794,1939 Holy Roman Empire/Prussia/Germany
100%
1503,1522,1570,1667,1772,1792,1794,1831,1939 Russia/USSR
100%
1562,1568,1599,1618,1625,1629 Sweden
100%
1444,1503,1616,1676 Turkey
89%
1038,1060,1157,1312,1482 Czechia
67%
1241,1260 Mongolia
67%
1399 Golden Horde
28%
981*,1031 Kievan Rus
28%
No matching quizzes found
Score Distribution
Percent of People with Each Score
Percentile by Number Answered
Your Score History
You have not taken this quiz since the last reset